000 00468nam a2200133Ia 4500
008 100328s9999 xx 000 0 und d
082 _b54180
100 _aऐनापुरे अमृत वासुदेवशास्त्री
245 _aनित्यापयोगी औषधे
260 _bउदयम
630 _aनित्यापयोगी औषधे
730 _aनित्यापयोगी औषधे
942 _cBOOK
999 _c540903
_d540900